000 01634nam0a22002531 4500
001 rc\370449
005 20250621054241.0
035 _a(NLR Aleph) 005602037
090 _a6323056
_c6323056
100 _a20030307d1989 |||y0rusy50 ca
101 0 _arus
102 _aRU
105 _ay |||||||||
200 1 _aМЕТОДИЧЕСКИЕ рекомендации по разбору производственной ситуации с применением ЭВМ на тему "Соблюдение договорных обязательств"
_eДля пропагандистов и организаторов системы произв.-экон. учебы на предприятиях перерабатывающей пром-сти Госагропрома УССР
_f...Ин-т повышения квалификации руководящих работников и специалистов перераб. пром-сти Госагропрома УССР
_g[Сост. Е.М. Колош, к. ю. н. и др.]
210 _aКиев
_cИПК Госагропрома
_d1989
215 _a10 с.
_d20
225 1 _aСистема профессионально-экономического обучения
702 1 _aКолош
_bЕ.М.
_gЕвгений Михайлович
_4220
712 0 2 _aИнститут повышения квалификации руководящих работников и специалистов перерабатывающей промышленности
_cКиев
801 0 _aRU
_bNLR
_gpsbo
801 1 _aRU
_bELAR
_2rusmarc
852 _aNLR
_j90-4/5425
942 _cBOOK
980 _aNB